| 000 | 00533nam a22001457a 4500 | ||
|---|---|---|---|
| 999 |
_c530680 _d530680 |
||
| 008 | 250704b ||||| |||| 00| 0 eng d | ||
| 100 |
_aReviewed by Amol Saghar _954904 |
||
| 245 | _aHistory Man behind the Legends: Tracing Golwalkar’s Path to Power | ||
| 260 | _aThe Book Review | ||
| 300 | _a49(2), Feb, 2025: p.38-40 | ||
| 520 | _aJha, Dhirendra K. Golwalkar: The myth behind the man, The man behind the machine: Simon & Schuster, 2024, 385p. Rs. 899.00 | ||
| 773 | _0The Book Review | ||
| 906 | _aBOOK REVIEW | ||
| 942 | _cAR | ||